000 02194cam a22004454i 4500
003 PE-LiUPU
005 20250731172902.0
008 s2015 txta rb 001 0 eng d
020 _a080103275X
020 _a9780801032752
035 _a(Sirsi) a165981
040 _aPE-LiUPU
049 _aPRUA
082 0 4 _a227.4077
_bO21
_223
100 1 _aOakes, Peter,
_eautor.
245 1 2 _aGalatians /
_cPeter Oakes.
264 _aGrand Rapids. Michigan :
_bBaker Academic,
_c2015.
300 _a219 páginas :
_bilustraciones ;
_c23 centimetros.
336 _atext
_2rdacontent
337 _aunmediated
_2rdamedia
338 _avolume
_2rdacarrier
504 _aBibliografía : páginas 195-204.
505 0 4 _aMachine generated contents note:
_t Galatians 1:1 -- 10 --
_tLetter Opening --
_tGalatians 1:11 -- 24 --
_tNarrative 1: Of a Gospel Revealed by God, Not People --
_tGalatians 2:1 -- 10 --
_tNarrative 2: Of a Gospel Affirmed by Unity at Jerusalem --
_tGalatians 2:11 -- 21 --
_tNarrative 3: Of a Gospel Betrayed by Division at Antioch --
_tGalatians 3:1 -- 14 --
_tArgument 1: For Blessing in Christ through Trust --
_tgalatians 3:15 -- 29 --
_tArgument 2: For Unity in Christ --
_tGalatians 4:1 -- 11 --
_tArgument 3: Against Returning to Slavery --
_tGalatians 4:12 -- 20 --
_tInstructions with Argument 1: "Be like Me" --
_tGalatians 4:21 -- 5:13a --
_tInstructions with Argument 2: "Do Not Be Subject Again to ... Slavery" --
_tGalatians 5:13b -- 6:10 --
_tInstructions with Argument 3: "Through Love Be Slaves to One Another" --
_tGalatians 6:11 -- 18 --
_tLetter Closing.
526 _aSEG42
526 _aSEG41
526 _aSEG40
526 _aSEG39
526 _aP94
526 _aP87
526 _aP86
526 _aP85
526 _aP77
526 _aP76
526 _aP35
630 _aBiblia,
_pN.T.
_pGálatas
_vComentarios.
596 _a1
942 _2ddc
_cBOOK
999 _a227.4077 O21
_wLC
_c14719
_i75541
_d14719
_e2017-6-14
_f2021-11-9
_g7
_lCCODEBUL1
_mBUL
_n1
_p22.00
_q1
_r0
_sY
_tBOOK
_u2017-1-11
_xTEOLOGIA
_PP85
_0COMPRA
_o.STAFF. Colección Teología
980 _81
_gALBERTO SANCHEZ Responsable de Automatización